Derecho de autor para autores

Saved in:
Bibliografiske detaljer
Hovedforfatter: Caballero Leal, José Luis (Author)
Format: Bog
Sprog:spansk
Udgivet: Ciudad de México Libraria 2004
Serier:Libros sobre Libros
Fag:
Tags: Tilføj Tag
Ingen Tags, Vær først til at tagge denne postø!

MARC

LEADER 00000nam a2200000 a 4500
001 UCK6535
003 CL-VaPUC
008 051007e20040000MX |||||||||||||||||spa|d
020 |a 9685374120 
082 0 4 |a 346.048  |b CAB  |2 21 
100 0 |a Caballero Leal, José Luis  |e author  |9 495900 
245 1 0 |a Derecho de autor para autores 
300 |a 76 p 
942 |c BK 
945 |d 20051007 00:00:00  |a cmena 
260 |a Ciudad de México  |b Libraria  |c 2004 
650 0 |a Derecho de autor  |9 332641 
650 7 |a DERECHOS EDITORIALES  |2 CL-VaPUC  |9 444484 
650 0 |a Propiedad intelectual  |9 256126 
650 7 |a PROTECCION PENAL  |2 CL-VaPUC  |9 382279 
650 0 |a Contratos  |9 255153 
583 |a last modification  |c 20051007 00:00:00  |k Rodrigo Vera 
490 0 |a Libros sobre Libros 
999 |c 314814  |d 314812 
952 |0 0  |1 0  |2 ddc  |4 0  |6 346_048000000000000_CAB_2004  |7 0  |8 A  |9 387551  |a BIBDER  |b BIBDER  |d 2019-11-22  |i 4155009  |l 2  |o 346.048 CAB 2004  |p 4155009  |r 2024-10-24  |s 2024-10-17  |w 2019-11-22  |y MX  |k DER